Los recursos naturales del Ecuador y su conservación

Uloženo v:
Podrobná bibliografie
Hlavní autor: Acosta-Solís, Misael (Autor)
Médium: Kniha
Jazyk:španělština
Vydáno: Ciudad de México Instituto Panamericano de Geografía e Historia 1965
Témata:
Tagy: Přidat tag
Žádné tagy, Buďte první, kdo vytvoří štítek k tomuto záznamu!

MARC

LEADER 00000nam a2200000 a 4500
001 UCU2810
003 CL-VaPUC
008 960426e19650000MX |||||||||||||||||spa|d
082 0 4 |a 333.72  |b ACO  |2 21 
100 0 |a Acosta-Solís, Misael  |e author  |9 359347 
245 1 4 |a Los recursos naturales del Ecuador y su conservación 
300 |a 169 p 
942 |c BK 
945 |d 19960426 00:00:00  |a lriquelm 
260 |a Ciudad de México  |b Instituto Panamericano de Geografía e Historia  |c 1965 
500 |a 1a parte 
650 0 |a Recursos naturales  |9 255232 
650 0 |a Protección del medio ambiente  |9 257626 
650 7 |a CONSERVACION DE RECURSOS  |2 CL-VaPUC  |9 359348 
650 0 |a Geografía  |9 259346 
650 0 |a Ecología   |9 258124 
651 0 |a Ecuador  |9 258378 
583 |a last modification  |c 19960426 00:00:00  |k Rodrigo Vera 
999 |c 247024  |d 247022 
952 |0 0  |1 0  |4 0  |6 333_720000000000000_ACO_1965  |7 0  |8 A  |9 262539  |a BIBING  |b BIBING  |d 2019-11-19  |i 1646419  |o 333.72 ACO 1965  |p 1646419  |r 2025-01-20  |w 2019-11-19  |y BK  |k GEO